| 000 | 00323nam a22001337a 4500 | ||
|---|---|---|---|
| 020 | _a9780241186985 | ||
| 040 | _cNust | ||
| 082 |
_a031.25 _bKIN |
||
| 100 |
_aDorling Kindersley _9130969 |
||
| 245 | _aPicturepedia | ||
| 260 |
_aLondon: _bPenguin Random House, _c2015. |
||
| 650 |
_aPicturepedia _9130970 |
||
| 942 |
_2ddc _cBK |
||
| 999 |
_c615088 _d615088 |
||